000 00438 a2200181 4500
003 Nust
005 20170207154019.0
010 _a45006766
040 _cNust
082 _a537.24
100 _a GEORGIEV ALEXANDER M.
245 _aThe Electrolytic Capacitor (E-BOOK)
_cALEXANDER M. GEORGIEV
260 _aNEW YORK
_bMURRAY HILL BOOKS
_c1945
300 _a205 p
538 _aEB-684
650 _aElectrolytic Capacitor
651 _aE-BOOK
942 _2ddc
_cBK
999 _c191587
_d191587